01062 2200373 4500001002100000005001500021035002000036007000300056040001700059100003100076245010200107250001000209300003600219504002600255020002200281041000800303082000800311084001400319090001900333264003900352336002100391337003000412338002300442500002900465650001300494700002000507850001000527008004100537990002200578990002200600990002200622990002200644990002200666INLIS00000000000903520260511093825 a0010-1022000410ta aSBPUPADbind0 aRaeza Marhaeni;ePengarang1 aMahir Menjahit Busana :bPanduan Praktis Belajar Menjahit Otodidak /cRaeza Marhaeni; Editor; Ian acet.1 a144 hlm. :bilus. ;c19 x 26 cm abibiliografi, hlm 140 a978-602-1142-81-3 aind a746 a746 RAE m a746 RAE m 23-9 aSleman; :bBright Publisher,c2016 2rdacontentateks 2rdamediaatanpa perantara 2rdacarrieravolume aProfile Penulis, hlm 141 4aMenjahit aIan;ePengarang aPUPAD260511 0  a35.428/S/DPK/2021 a35.427/S/DPK/2021 a35.426/S/DPK/2021 a35.425/S/DPK/2021 a30.121/B/DPK/2018